L´Ingenieux Chevalier Don Quichotte de la Manche (Record no. 2863)
[ view plain ]
| 000 -CABECERA | |
|---|---|
| campo de control de longitud fija | 01805nam a2200301 a 4500 |
| 001 - NÚMERO DE CONTROL | |
| campo de control | BRCA_3127 |
| 005 - FECHA Y HORA DE LA ÚLTIMA TRANSACCIÓN | |
| campo de control | 20190320204126.0 |
| 008 - DATOS DE LONGITUD FIJA--INFORMACIÓN GENERAL | |
| campo de control de longitud fija | 300109s1858----fr-a---###---#000-0dfre-u |
| 041 ## - CÓDIGO DE LENGUA | |
| Código de lengua del texto/banda sonora o título independiente | fre |
| 044 ## - CÓDIGO DEL PAÍS DE LA ENTIDAD EDITORA/PRODUCTORA | |
| Código MARC del país | fr |
| 084 ## - OTRO NÚMERO DE CLASIFICACIÓN | |
| Número de clasificación | 430 |
| Número de documento/Ítem | .F87 |
| -- | 1858 |
| 100 1# - ENTRADA PRINCIPAL--NOMBRE DE PERSONA | |
| Nombre de persona | Cervantes Saavedra, Miguel de |
| Fechas asociadas al nombre | 1547-1616 |
| 9 (RLIN) | 213 |
| 245 10 - MENCIÓN DE TÍTULO | |
| Título | L´Ingenieux Chevalier Don Quichotte de la Manche |
| Mención de responsabilidad, etc. | Michel de Cervantes ; Traduction Nouvelle par Ch. Furne. |
| 260 ## - PUBLICACIÓN, DISTRIBUCIÓN, ETC. | |
| Lugar de publicación, distribución, etc. | París |
| Nombre del editor, distribuidor, etc. | Furne |
| Fecha de publicación, distribución, etc. | 1858 |
| 300 ## - DESCRIPCIÓN FÍSICA | |
| Extensión | xxviii, 416 p. |
| Otras características físicas | il. |
| Dimensiones | 23 cm. |
| 500 ## - NOTA GENERAL | |
| Nota general | Contenido : Primera parte. Vida de Cervantes por el traductor. Prólogo del autor. Nota de Furne. Texto. Segunda parte. Prólogo del autor. Texto |
| 500 ## - NOTA GENERAL | |
| Nota general | Traducción de Furne. Aunque el traductor no interpreta el original tan fielmente como dice en la Advertencia, es lo cierto que su versión, en orden al mérito, sigue a la de Viardot, por fluida y elegante. Suprime las dedicatorias y los preliminares de ambas partes. La noticia crítico-biográfica sobre Cervantes es interesante por las observaciones del traductor quien escribe, que ha procurado hacer una traducción fiel y agradable, para aumentar el número de admiradores de uno de los más hermosos genios con que se honra la humanidad. Las láminas, algunas buenas, son obra de Vernet y Lamy. Piel; lomera adornada con dorados; cortes dorados también Lúdovik Osterc |
| 500 ## - NOTA GENERAL | |
| Nota general | QM357 |
| 546 ## - NOTA DE LENGUA/LENGUAJE | |
| Nota de lengua/lenguaje | Texto en : francés |
| 650 14 - PUNTO DE ACCESO ADICIONAL DE MATERIA--TÉRMINO DE MATERIA | |
| Término de materia o nombre geográfico como elemento de entrada | Novela española |
| Subdivisión cronológica | Época clásica, 1500-1700 |
| 9 (RLIN) | 215 |
| 650 14 - PUNTO DE ACCESO ADICIONAL DE MATERIA--TÉRMINO DE MATERIA | |
| Término de materia o nombre geográfico como elemento de entrada | Literatura española |
| Subdivisión cronológica | Época clásica, 1500-1700 |
| 9 (RLIN) | 216 |
| 650 14 - PUNTO DE ACCESO ADICIONAL DE MATERIA--TÉRMINO DE MATERIA | |
| Término de materia o nombre geográfico como elemento de entrada | Novela española |
| Subdivisión cronológica | Siglo XVII |
| 9 (RLIN) | 217 |
| 650 14 - PUNTO DE ACCESO ADICIONAL DE MATERIA--TÉRMINO DE MATERIA | |
| Término de materia o nombre geográfico como elemento de entrada | Don Quijote (Personaje ficticio) |
| Término indicativo de función/relación | Novela |
| 9 (RLIN) | 218 |
| 700 1# - PUNTO DE ACCESO ADICIONAL--NOMBRE DE PERSONA | |
| Nombre de persona | Furne, Ch. |
| Término indicativo de función/relación | Traductor |
| 9 (RLIN) | 8487 |
| 740 0# - PUNTO DE ACCESO ADICIONAL--TÍTULO RELACIONADO O ANALÍTICO NO CONTROLADO | |
| Título relacionado o analítico no controlado | El Ingenioso Hidalgo Don Quijote de la Mancha |
| 902 ## - CATALOGADOR | |
| Iniciales | QFM |
| 942 ## - ELEMENTOS DE PUNTO DE ACCESO ADICIONAL (KOHA) | |
| Fuente del sistema de clasificación o colocación | Library of Congress Classification |
| Tipo de ítem Koha | Libros |
| Estado de retiro | Estado de pérdida | Estado dañado | No para préstamo | Localización permanente | Ubicación/localización actual | Fecha de adquisición | Número de inventario | Total de préstamos | Signatura topográfica completa | Código de barras | Fecha visto por última vez | Precio válido a partir de | Tipo de ítem Koha |
|---|---|---|---|---|---|---|---|---|---|---|---|---|---|
| El ejemplar forma parte de la colección y puede ser consultado según las políticas vigentes. | Biblioteca del Museo Franz Mayer (Rogerio Casas-Alatriste) | Biblioteca del Museo Franz Mayer (Rogerio Casas-Alatriste) | 30/01/2009 | QM357 | 430 .F87 1858 (QM357) | 3124 | 22/03/2019 | 22/03/2019 | Libros |